[Event "2nd BEHIN BAZAFARIN-Tehran"]
[Site "Tehran"]
[Date "2014.11.22"]
[Round "9.15"]
[White "Pilvaieh, Ali"]
[Black "Tahbaz, Arash"]
[Result "0-1"]
[WhiteElo "2043"]
[BlackElo "2277"]
[Annotator "www.Chessboard.ir"]
[PlyCount "72"]
[EventDate "2014.??.??"]
[EventRounds "2"]
[EventCountry "IRI"]

1. e4 c5 2. Nc3 e6 3. f4 d5 4. Nf3 Nf6 5. d3 Nc6 6. e5 d4 7. Ne4 Nxe4 8. dxe4
Qc7 9. Bd3 b5 10. b3 Ba6 11. a4 c4 12. axb5 cxd3 13. Rxa6 Nb4 14. Ra4 Qc3+ 15.
Nd2 dxc2 16. Qf3 Nd3+ 17. Ke2 Nb2 18. Bxb2 Qxb2 19. Rc4 Bb4 20. Rxb4 c1=Q 21.
Rxc1 Qxc1 22. Rxd4 O-O 23. Nc4 Rfd8 24. Rxd8+ Rxd8 25. Nd6 Rd7 26. Qe3 Qc2+ 27.
Kf3 h6 28. h3 f6 29. Kg3 fxe5 30. fxe5 Qb2 31. Nc4 Qd4 32. Qxd4 Rxd4 33. Kf4
Rd3 34. Na5 Kf7 35. h4 Kg6 36. Nc6 Kh5 0-1

[Event "2nd BEHIN BAZAFARIN-Tehran"]
[Site "Tehran"]
[Date "2014.11.22"]
[Round "9.16"]
[White "Najafiyan Pour, Mahyar"]
[Black "Al-Ali, Hussein Ali Hussein"]
[Result "0-1"]
[WhiteElo "2052"]
[BlackElo "2252"]
[Annotator "www.Chessboard.ir"]
[PlyCount "100"]
[EventDate "2014.??.??"]
[EventRounds "2"]
[EventCountry "IRI"]

1. Nf3 Nf6 2. c4 e6 3. Nc3 d5 4. d4 c6 5. cxd5 exd5 6. Qc2 Be7 7. Bg5 O-O 8. e3
Be6 9. Bd3 Nbd7 10. O-O h6 11. Bh4 Re8 12. a3 a5 13. Rab1 g5 14. Bg3 Nh5 15. e4
Nxg3 16. fxg3 dxe4 17. Nxe4 Qb6 18. Qf2 Rad8 19. Rbc1 Nf6 20. Nc5 Ng4 21. Qc2
Bxc5 22. dxc5 Qb3 23. Qxb3 Bxb3 24. Rc3 a4 25. Re1 Rxe1+ 26. Nxe1 Ne3 27. Be2
Nd1 28. Rd3 Re8 29. Rd2 Ne3 30. Nf3 Bd5 31. h3 f5 32. Kf2 Kg7 33. Nd4 Kf6 34.
Bf3 Re5 35. Bxd5 Nxd5 36. Re2 Re4 37. Rxe4 fxe4 38. g4 Ne7 39. Ne2 Nd5 40. Ng3
Ke5 41. Nf5 h5 42. Nd6 hxg4 43. Nxb7 gxh3 44. gxh3 Kd4 45. Nd8 e3+ 46. Ke1 Nf4
47. Nxc6+ Kxc5 48. Nb4 Kd4 49. Nc2+ Ke4 50. Na1 Kd3 0-1

[Event "2nd BEHIN BAZAFARIN-Tehran"]
[Site "Tehran"]
[Date "2014.11.22"]
[Round "9.17"]
[White "Mashmooli, Kian"]
[Black "Ghorbani, Hadi"]
[Result "1-0"]
[WhiteElo "2199"]
[BlackElo "2047"]
[Annotator "www.Chessboard.ir"]
[PlyCount "91"]
[EventDate "2014.??.??"]
[EventRounds "2"]
[EventCountry "IRI"]

1. e4 c5 2. Nf3 Nc6 3. Nc3 d6 4. Bb5 e6 5. O-O Bd7 6. d4 cxd4 7. Nxd4 a6 8. Be2
Nf6 9. a4 Be7 10. Be3 O-O 11. Nb3 b6 12. f4 Nb4 13. Bf3 Bc6 14. Rf2 d5 15. e5
Ne4 16. Bxe4 dxe4 17. Qg4 Nd5 18. Nxd5 Bxd5 19. Nd4 g6 20. f5 exf5 21. Nxf5 Be6
22. Nxe7+ Qxe7 23. Qxe4 Rab8 24. Bh6 Rfc8 25. Qe3 Rc4 26. c3 Qh4 27. Bg5 Qe4
28. Qxe4 Rxe4 29. Rd2 Bb3 30. a5 bxa5 31. Rxa5 Bc4 32. Bf6 h6 33. h4 Bb5 34.
Kf2 g5 35. hxg5 hxg5 36. b3 Rb6 37. c4 Bc6 38. Rc5 g4 39. g3 Bb7 40. Rc7 Rxb3
41. Rd8+ Kh7 42. Rxf7+ Kg6 43. Rg7+ Kf5 44. Rg5+ Ke6 45. Rd6+ Kf7 46. Rg7+ 1-0

[Event "2nd BEHIN BAZAFARIN-Tehran"]
[Site "Tehran"]
[Date "2014.11.22"]
[Round "9.18"]
[White "Rostami, Rouzbeh"]
[Black "Hosseinzadeh, Nima"]
[Result "1/2-1/2"]
[WhiteElo "2024"]
[BlackElo "2182"]
[Annotator "www.Chessboard.ir"]
[PlyCount "105"]
[EventDate "2014.??.??"]
[EventRounds "2"]
[EventCountry "IRI"]

1. e4 c5 2. Nf3 d6 3. b3 Nf6 4. d3 Nc6 5. Bb2 e5 6. g3 Be7 7. Bg2 O-O 8. O-O
Re8 9. Nbd2 Bf8 10. Re1 g6 11. h3 Bg7 12. Nc4 b5 13. Ne3 Bb7 14. Nh2 Nd4 15. c3
Ne6 16. Nhg4 Nc7 17. Nxf6+ Bxf6 18. Qf3 Bg7 19. Rad1 a5 20. Bc1 b4 21. c4 Ne6
22. Bb2 a4 23. Ra1 f5 24. bxa4 fxe4 25. Qd1 Qd7 26. dxe4 Nd4 27. Nd5 Bxd5 28.
exd5 Qxa4 29. Qxa4 Rxa4 30. Bxd4 cxd4 31. Be4 Rc8 32. Bd3 Bh6 33. Red1 Rca8 34.
Rab1 Rxa2 35. Rxb4 Rf8 36. Rf1 Rfxf2 37. Rb8+ Rf8 38. Rfxf8+ Bxf8 39. c5 dxc5
40. d6 Ra7 41. Bb5 Kf7 42. d7 Be7 43. d8=Q Bxd8 44. Rxd8 e4 45. Bc4+ Kg7 46.
Rd5 Ra1+ 47. Kf2 Rc1 48. Rxc5 Rc2+ 49. Kf1 d3 50. Rc8 Kf6 51. Ba6 Ra2 52. Bc4
Rc2 53. Ba6 1/2-1/2

[Event "2nd BEHIN BAZAFARIN-Tehran"]
[Site "Tehran"]
[Date "2014.11.22"]
[Round "9.19"]
[White "Sedaghati, Mehrdad"]
[Black "Sheykhali, Mohammadreza"]
[Result "0-1"]
[WhiteElo "2161"]
[BlackElo "2018"]
[Annotator "www.Chessboard.ir"]
[PlyCount "74"]
[EventDate "2014.??.??"]
[EventRounds "2"]
[EventCountry "IRI"]

1. e4 c5 2. Nc3 Nc6 3. g3 g6 4. Bg2 Bg7 5. d3 d6 6. Be3 e6 7. Qd2 Nd4 8. Nd1 h5
9. c3 Nc6 10. h3 Nge7 11. Ne2 b6 12. f4 Ba6 13. O-O Rc8 14. Bf2 d5 15. e5 d4
16. c4 b5 17. cxb5 Bxb5 18. b3 Bh6 19. Nb2 Nxe5 20. Qc2 Nd7 21. b4 Bg7 22. a4
Bc6 23. Bxc6 Rxc6 24. b5 Rc8 25. Nc4 Nb6 26. a5 Nxc4 27. Qxc4 O-O 28. Nc1 Nf5
29. Nb3 Nd6 30. Qa4 e5 31. fxe5 Bxe5 32. Rac1 Qg5 33. Rxc5 Rxc5 34. Nxc5 Bxg3
35. Ne4 Nxe4 36. dxe4 Be5+ 37. Kh1 Qf4 0-1

[Event "2nd BEHIN BAZAFARIN-Tehran"]
[Site "Tehran"]
[Date "2014.11.22"]
[Round "9.20"]
[White "Abbasi, Rasool"]
[Black "Ebrahimi, Abolfazl"]
[Result "1-0"]
[WhiteElo "2156"]
[BlackElo "1879"]
[Annotator "www.Chessboard.ir"]
[PlyCount "135"]
[EventDate "2014.??.??"]
[EventRounds "2"]
[EventCountry "IRI"]

1. e4 e5 2. Nf3 Nc6 3. Bb5 a6 4. Ba4 Nf6 5. O-O Be7 6. Re1 b5 7. Bb3 d6 8. c3
O-O 9. a4 Bg4 10. d3 Na5 11. Bc2 c5 12. h3 Bd7 13. Nbd2 c4 14. d4 Qc7 15. Nf1
Rfb8 16. axb5 axb5 17. Ne3 Bf8 18. g4 b4 19. cxb4 Nc6 20. Rxa8 Rxa8 21. g5 Ne8
22. b5 Nxd4 23. Nxd4 exd4 24. Qxd4 Bxb5 25. Bd2 Qa7 26. Qxa7 Rxa7 27. Rc1 Nc7
28. Bd1 Ra2 29. Nxc4 Bxc4 30. Rxc4 Rxb2 31. Bc1 Rb7 32. Kg2 Ne6 33. Ba4 Rc7 34.
Rxc7 Nxc7 35. Bc6 Be7 36. f4 Kf8 37. Kf3 f6 38. h4 fxg5 39. hxg5 Ne6 40. Bd5
Nc5 41. Kg4 Nd3 42. Be3 Bd8 43. Bc4 Nc5 44. Bd5 Nd3 45. Bd4 Be7 46. Kf3 Bd8 47.
Bc4 Nc5 48. e5 Be7 49. e6 g6 50. Ke3 Nb7 51. Ke4 Nc5+ 52. Kd5 Nb7 53. Bd3 Nc5
54. Bc2 Nb7 55. Bf6 Nc5 56. Bb1 Na6 57. f5 gxf5 58. Bxf5 h5 59. Ke4 Nc7 60. Bh3
Ne8 61. Kf5 d5 62. Kg6 Nxf6 63. gxf6 Bd8 64. Bf1 h4 65. Bg2 d4 66. Bf1 h3 67.
Bxh3 d3 68. Bf1 1-0